Notas y documentos sobre recursos naturales y contaminación ambiental; algunos aspectos de la región Central

Kaydedildi:
Detaylı Bibliyografya
Müşterek Yazar: Costa Rica. Oficina de Planificación Nacional y Política Económica
Materyal Türü: Metin
Baskı/Yayın Bilgisi: San José: División de Planificación Regional y Urbana
Etiketler: Etiketle
Etiket eklenmemiş, İlk siz ekleyin!

MARC

LEADER 00000 a a2200000 04500
001 17089
003
040
090 |a EXTRAVIADO  
110 |a Costa Rica. Oficina de Planificación Nacional y Política Económica  
245 |a Notas y documentos sobre recursos naturales y contaminación ambiental; algunos aspectos de la región Central  
260 |a San José:   |b División de Planificación Regional y Urbana  
300 |a 96 p.  
999 |c 1847  |d 1847